000 01614cam a2200445 4500
001 youngyesterday00hick
003 CaSfIA
005 20210119124832.0
007 cr||||
008 690912s1969 enk 000 0aeng
010 _a 78407319
040 _aDLC
_cDLC
_dUKM
_dBTCTA
_dCaSfIA
015 _aB69-10871
020 _a0900880015
020 _a9780900880018
035 _a(OCoLC)33807
050 0 0 _aCT788.H53
_bA3
082 1 4 _a914.2/03/820924
_aB
100 1 _aHicks, Margery,
_d1902-
245 1 0 _aYoung, yesterday.
_h[electronic resource]
260 _aPenzance (Cornwall),
_bWordens,
_c1969.
300 _a151 p.
_c23 cm.
600 1 0 _aHicks, Margery,
_d1902-
856 4 1 _uhttp://www.archive.org/details/youngyesterday00hick
_zFree eBook from the Internet Archive
856 4 2 _uhttp://www.openlibrary.org/books/OL4359153M
_zAdditional information and access via Open Library
029 1 _aUKM
_bb6910871
029 1 _aUNITY
_b008456186
029 1 _aOXFCL
_bN000329586
029 1 _aUNITY
_b024497304
029 1 _aUKWBK
_b0900880015
029 1 _aGLOCC
_b0900880015
029 1 _aUNITY
_b080437869
029 1 _aUKHRW
_b090088004x
029 1 _aUKLCL
_b090088004x
029 1 _aUKCCC
_b090088004x
029 1 _aUKSCO
_b090088004x
942 _cEB
506 _fНеобхідна авторизація на https://archive.org/ (створення облікового запису безкоштовно)
506 _fНеобхідна авторизація на https://openlibrary.org/ (створення облікового запису безкоштовно)
999 _c569525
_d569525